Electronic Measurement Systems/ (Record no. 13818)
[ view plain ]
| 000 -LEADER | |
|---|---|
| fixed length control field | 00782nam a22001937a 4500 |
| 008 - FIXED-LENGTH DATA ELEMENTS--GENERAL INFORMATION | |
| fixed length control field | 100329s2008 ii|||||r|||| 000 0 eng d |
| 020 ## - INTERNATIONAL STANDARD BOOK NUMBER | |
| International Standard Book Number | 9788184312065 |
| 082 ## - DEWEY DECIMAL CLASSIFICATION NUMBER | |
| Edition number | 22 |
| Classification number | 621.37 |
| Item number | BAL |
| 100 ## - MAIN ENTRY--PERSONAL NAME | |
| 9 (RLIN) | 12771 |
| Personal name | Bakshi, Uday A. |
| 245 ## - TITLE STATEMENT | |
| Title | Electronic Measurement Systems/ |
| Statement of responsibility, etc | U. A. Bakshi, A. V. Bakshi and K. A. Bakshi |
| 260 ## - PUBLICATION, DISTRIBUTION, ETC. (IMPRINT) | |
| Place of publication, distribution, etc | Pune: |
| Name of publisher, distributor, etc | Technical Pub., 2008 |
| Date of publication, distribution, etc | 2008 |
| 300 ## - PHYSICAL DESCRIPTION | |
| Extent | 1v.: |
| Other physical details | ill.; |
| Dimensions | 24 cm. |
| 650 ## - SUBJECT ADDED ENTRY--TOPICAL TERM | |
| 9 (RLIN) | 12774 |
| Topical term or geographic name as entry element | Electronic measurements |
| 650 ## - SUBJECT ADDED ENTRY--TOPICAL TERM | |
| 9 (RLIN) | 12773 |
| Topical term or geographic name as entry element | Electronic instruments |
| 700 ## - ADDED ENTRY--PERSONAL NAME | |
| 9 (RLIN) | 12772 |
| Personal name | Bakshi, Ajay V. |
| 700 ## - ADDED ENTRY--PERSONAL NAME | |
| 9 (RLIN) | 13270 |
| Personal name | Bakshi, K. A. |
| 942 ## - ADDED ENTRY ELEMENTS (KOHA) | |
| Source of classification or shelving scheme | Dewey Decimal Classification |
| Item type | Book - Borrowing |
| Withdrawn status | Item status | Source of classification or shelving scheme | Damaged status | Not for loan | Vendor | Home library | Current library | Shelving location | Date acquired | Source of acquisition | Cost, normal purchase price | Serial Enumeration / chronology | Total Checkouts | Total Renewals | Full call number | Barcode | Date last seen | Date last borrowed | Koha item type |
|---|---|---|---|---|---|---|---|---|---|---|---|---|---|---|---|---|---|---|---|
| Dewey Decimal Classification | Alahram | Central Library | Central Library | First floor | 29/03/2010 | 76.00 | 29 | 4 | 8 | 621.37 BAL | 000020536 | 15/07/2025 | 13/12/2012 | Book - Borrowing |